| 000 | 01080nam a22002777a 4500 | ||
|---|---|---|---|
| 001 | BD-DhSAU | ||
| 003 | BD-DhSAU | ||
| 005 | 20250504154917.0 | ||
| 008 | 150420b2005 bg ||||| m||| 00| 0 eng d | ||
| 040 | _aBD-DhSAU | ||
| 082 |
_222 _a630.715 _bN2392 |
||
| 100 |
_aISLAM, NAZRUL _eRegistration No. # 15-06535 |
||
| 245 |
_aProblems faced by the soyabean cultivators in lakshmipur district / _bMS thesis |
||
| 260 |
_aSher-e-Bangla Agricultural University: _bDepartment of Agriculture Extension & Information System, _c2023. |
||
| 300 |
_axiii, 66p. ; _c30 cm. |
||
| 500 | _aMS thesis of Department of Agriculture Extension & Information System , Faculty of Agriculture , Sher-e-Bangla Agricultural University, Dhaka, Bangladesh | ||
| 504 | _aIncludes bibliographical reference. | ||
| 590 | _aNazmul | ||
| 650 | _asoyabean cultivators | ||
| 651 | _alakshmipur district | ||
| 654 | _anarsindi district | ||
| 700 |
_aProf. Dr. Mohammad Zamshed Alam _eSuperviser |
||
| 700 |
_aProf. Dr. Muhammad Humayun Kabir _eCo-superviser |
||
| 942 |
_2ddc _cTHESIS |
||
| 999 |
_c17936 _d17935 |
||